Le Mali / (Record no. 530182)
[ view plain ]
| 000 -LEADER | |
|---|---|
| fixed length control field | 00277nam a22001217a 4500 |
| 003 - CONTROL NUMBER IDENTIFIER | |
| control field | NUST |
| 038 ## - RECORD CONTENT LICENSOR | |
| Staff Name | waseem |
| 082 ## - DEWEY DECIMAL CLASSIFICATION NUMBER | |
| Classification number | 916.623045 |
| Author Mark | AND |
| 100 ## - MAIN ENTRY--PERSONAL NAME | |
| Personal name | Andriamirado, par Sennen |
| 9 (RLIN) | 23564 |
| 245 ## - TITLE STATEMENT | |
| Title | Le Mali / |
| Statement of responsibility, etc. | par Sennen Andriamirado |
| 300 ## - PHYSICAL DESCRIPTION | |
| Extent | 239 p. ; |
| 942 ## - ADDED ENTRY ELEMENTS (KOHA) | |
| Source of classification or shelving scheme | |
| Koha item type | Book |
| Withdrawn status | Lost status | Source of classification or shelving scheme | Damaged status | Not for loan | Permanent Location | Current Location | Date acquired | Source of acquisition | Full call number | Barcode | Date last seen | Price effective from | Koha item type |
|---|---|---|---|---|---|---|---|---|---|---|---|---|---|
| Central Library (CL) | Central Library (CL) | 10/13/2019 | Donation | 916.623045 AND | CL-D-632 | 10/13/2019 | 10/13/2019 | Reference |
